[Event "17. Bayer Open"]
[Site "Leverkusen"]
[Date "2019.01.28"]
[Round "3.37"]
[White "Schäde, Maximilian"]
[Black "Teuber, Alfons"]
[Result "1-0"]
[WhiteElo "1839"]
[BlackElo "978"]
[PlyCount "45"]
[EventDate "2019.??.??"]
[WhiteTeam "SF Brackel"]
[BlackTeam "BSW Opladen"]

1. d4 d5 2. c4 dxc4 3. a4 Nf6 4. Nc3 e6 5. Nf3 Bb4 6. Bg5 h6 7. Bxf6 Qxf6 8. e3
Bxc3+ 9. bxc3 O-O 10. Bxc4 Nc6 11. O-O a6 12. Qc2 e5 13. Rab1 exd4 14. cxd4 Na5
15. Bd3 g6 16. Qxc7 Nc6 17. d5 Qe7 18. Qg3 Nd8 19. Rfc1 Kg7 20. Rb6 g5 21. Rc7
Qa3 22. Rg6+ Kh8 23. Rxh6+ 1-0

[Event "17. Bayer Open"]
[Site "Leverkusen"]
[Date "2019.01.28"]
[Round "3.39"]
[White "Bigott, Martin"]
[Black "Atar, Efecan"]
[Result "1-0"]
[WhiteElo "1762"]
[BlackElo "962"]
[PlyCount "33"]
[EventDate "2019.??.??"]
[WhiteTeam "SF Lohmar"]
[BlackTeam "SK Kerpen"]

1. e4 e6 2. d4 d5 3. Nd2 Nf6 4. e5 Nfd7 5. Bd3 c5 6. c3 Nc6 7. Ne2 Qb6 8. Nf3
cxd4 9. cxd4 Bb4+ 10. Bd2 Bxd2+ 11. Qxd2 O-O 12. O-O f6 13. exf6 Nxf6 14. Rac1
Bd7 15. Ne5 Nxd4 16. Nxd4 Qxd4 17. Bxh7+ 1-0

[Event "17. Bayer Open"]
[Site "Leverkusen"]
[Date "2019.01.28"]
[Round "3.41"]
[White "Schmid, Arnold"]
[Black "van Schyndel, Andreas"]
[Result "0-1"]
[WhiteElo "1465"]
[BlackElo "1734"]
[PlyCount "62"]
[EventDate "2019.??.??"]
[WhiteTeam "Oberbilker SV"]
[BlackTeam "SV Grünfeld"]

1. e4 e6 2. d4 d5 3. e5 c5 4. c3 Qb6 5. Nf3 Nc6 6. Be2 cxd4 7. cxd4 Nh6 8. Na3
Bb4+ 9. Bd2 Nxd4 10. Nxd4 Qxd4 11. Bb5+ Ke7 12. Bxb4+ Qxb4+ 13. Qd2 Qxd2+ 14.
Kxd2 a6 15. Bd3 Bd7 16. Rac1 Rac8 17. Nc2 Ng4 18. f4 Nf2 19. Rhf1 Nxd3 20. Kxd3
Bb5+ 21. Kd2 Bxf1 22. Rxf1 Rc4 23. g3 Rhc8 24. Rc1 f6 25. b3 R4c7 26. f5 fxe5
27. fxe6 Kxe6 28. g4 Rxc2+ 29. Rxc2 Rxc2+ 30. Kxc2 e4 31. Kd2 Ke5 0-1

[Event "17. Bayer Open"]
[Site "Leverkusen"]
[Date "2019.01.28"]
[Round "3.42"]
[White "Linke, Michael"]
[Black "Elshani, Shaip"]
[Result "1-0"]
[WhiteElo "1819"]
[BlackElo "1524"]
[PlyCount "101"]
[EventDate "2019.??.??"]
[BlackTeam "SC Bayer Leverkusen"]

1. Nf3 d5 2. d4 b6 3. g3 Bb7 4. Bg2 e6 5. O-O c5 6. c4 Nf6 7. Nc3 Nc6 8. cxd5
exd5 9. Bg5 Be7 10. dxc5 bxc5 11. Bxf6 Bxf6 12. Nxd5 O-O 13. Nxf6+ Qxf6 14. Qc2
Ba6 15. Rfe1 Rab8 16. Rab1 Rfe8 17. e4 Nb4 18. Qa4 Bd3 19. Rbc1 Bb5 20. Qxa7
Nd3 21. e5 Qh6 22. Rcd1 Ra8 23. Qb7 Reb8 24. Qd5 Nxe1 25. Rxe1 Bc6 26. Qxc5 Rb5
27. Qc4 Qe6 28. Qxe6 fxe6 29. Nd4 Bxg2 30. Nxb5 Bd5 31. Nc3 Bxa2 32. Nxa2 Rxa2
33. Rb1 Kf7 34. b4 Ke7 35. b5 Ra7 36. f4 Kd7 37. b6 Rb7 38. Rd1+ Ke7 39. Rd6
Rd7 40. Rc6 Rb7 41. Kf2 Kd7 42. Rd6+ Ke7 43. Ke3 h6 44. Kd4 g5 45. Kc5 gxf4 46.
gxf4 Rb8 47. Rc6 Rf8 48. b7 Kd7 49. Kb6 Rb8 50. Rd6+ Ke7 51. Kc7 1-0

[Event "17. Bayer Open"]
[Site "Leverkusen"]
[Date "2019.01.28"]
[Round "3.43"]
[White "Breuer, Achim"]
[Black "Witte, Volker"]
[Result "0-1"]
[WhiteElo "1391"]
[BlackElo "1601"]
[PlyCount "34"]
[EventDate "2019.??.??"]
[WhiteTeam "SV Dormagen"]
[BlackTeam "SF Schlebusch"]

1. d4 Nf6 2. c4 g6 3. Nc3 Bg7 4. e4 d6 5. f4 O-O 6. Nf3 e5 7. fxe5 dxe5 8. Bg5
exd4 9. Nd5 c6 10. Nb4 Qb6 11. Nd3 Nxe4 12. Be7 Re8 13. c5 Nxc5 14. Be2 Nxd3+
15. Qxd3 Rxe7 16. Kf2 Bf5 17. Qa3 d3+ 0-1

[Event "17. Bayer Open"]
[Site "Leverkusen"]
[Date "2019.01.28"]
[Round "3.44"]
[White "Gnass, Arno"]
[Black "Nölle, Michael"]
[Result "1-0"]
[WhiteElo "1592"]
[BlackElo "1442"]
[PlyCount "99"]
[EventDate "2019.??.??"]
[WhiteTeam "Bergische SF"]
[BlackTeam "Königsspringer Leverkusen"]

1. d4 e6 2. Nf3 Nf6 3. b3 d5 4. Bb2 Ne4 5. Nbd2 Bb4 6. c4 c6 7. a3 Bxd2+ 8.
Nxd2 Nxd2 9. Qxd2 O-O 10. e3 Re8 11. Be2 Qg5 12. O-O Nd7 13. f4 Qh4 14. Qe1
Qxe1 15. Raxe1 f5 16. a4 Nf6 17. Bf3 b6 18. Rc1 Ba6 19. Rf2 Rab8 20. Rfc2 Bb7
21. Ba3 Rbd8 22. h3 h5 23. Bb4 a5 24. Be1 g6 25. Bh4 Kg7 26. Kf2 Rd7 27. c5 Ra8
28. Bxf6+ Kxf6 29. Rh1 bxc5 30. Rxc5 Ra6 31. g4 Rb6 32. Rb1 hxg4 33. hxg4 Rh7
34. g5+ Ke7 35. Kg3 Ra6 36. Be2 Ra8 37. Bf1 Rah8 38. Bg2 Ra8 39. b4 axb4 40.
Rxb4 Kd6 41. Rc2 Ra5 42. Rcb2 Ba8 43. Rb1 Rha7 44. Rh1 Rg7 45. Rh8 Bb7 46. Rb8
Ba6 47. Ra8 Rc7 48. Rb6 Rxa4 49. Rbxa6 Rc4 50. Rg8 1-0

[Event "17. Bayer Open"]
[Site "Leverkusen"]
[Date "2019.01.28"]
[Round "3.45"]
[White "Meyer, Stefan"]
[Black "Azimi, Reza"]
[Result "1-0"]
[WhiteElo "1756"]
[BlackElo "1239"]
[PlyCount "67"]
[EventDate "2019.??.??"]
[WhiteTeam "Ratinger SK"]
[BlackTeam "Schachuzipus Köln-Mülheim"]

1. d4 d5 2. c4 c6 3. Nf3 Bg4 4. Ne5 Bc8 5. Nc3 a6 6. e4 e6 7. cxd5 cxd5 8. exd5
exd5 9. Qa4+ Bd7 10. Qb3 Be6 11. Qxb7 Nd7 12. Nxd7 Bxd7 13. Qxd5 Nf6 14. Qe5+
Be7 15. Bd3 O-O 16. O-O Ng4 17. Qe2 Bd6 18. h3 Qh4 19. Ne4 Rae8 20. Qd2 Bc7 21.
Qg5 Qxg5 22. Bxg5 Nh6 23. Bxh6 gxh6 24. Nf6+ Kg7 25. Nxd7 Rg8 26. Rfe1 Rd8 27.
Ne5 Bxe5 28. Rxe5 Rxd4 29. Bxa6 Rgd8 30. b3 Rd2 31. Rf5 Kg6 32. Rf3 Ra8 33.
Bd3+ Kg7 34. a4 1-0

[Event "17. Bayer Open"]
[Site "Leverkusen"]
[Date "2019.01.28"]
[Round "3.46"]
[White "Weirich, Ralf"]
[Black "Fröhling, Ewald"]
[Result "1/2-1/2"]
[WhiteElo "1253"]
[BlackElo "1415"]
[PlyCount "62"]
[EventDate "2019.??.??"]
[WhiteTeam "TV Witzhelden"]
[BlackTeam "Pulheimer SC"]

1. e4 e5 2. Nf3 Nc6 3. Bc4 h6 4. d3 Nf6 5. Be3 Bb4+ 6. Nbd2 O-O 7. c3 Ba5 8. b4
Bb6 9. O-O d5 10. exd5 Nxd5 11. Bxb6 axb6 12. Qb3 Nf4 13. Qc2 Bf5 14. Ne4 Qe7
15. Rfe1 Bxe4 16. dxe4 Kh8 17. b5 Na5 18. Bd5 Nxd5 19. exd5 f6 20. Nh4 Qc5 21.
Ng6+ Kg8 22. Nxf8 Kxf8 23. Qd3 Nc4 24. Reb1 Rd8 25. Rb4 Nd6 26. a4 Nf7 27. Rd1
Qd6 28. g3 Ng5 29. Kg2 Qd7 30. Rh4 Qd6 31. Qc4 Ne6 1/2-1/2

[Event "17. Bayer Open"]
[Site "Leverkusen"]
[Date "2019.01.28"]
[Round "3.47"]
[White "Winzer, Michael"]
[Black "Holz, Peter"]
[Result "1/2-1/2"]
[WhiteElo "1703"]
[BlackElo "1331"]
[PlyCount "68"]
[EventDate "2019.??.??"]
[WhiteTeam "Ford SF Köln"]
[BlackTeam "Pulheimer SC"]

1. d4 b6 2. c4 e6 3. Nf3 Bb7 4. Nc3 Nf6 5. Bg5 Be7 6. e3 c5 7. Be2 Nc6 8. d5
Nb4 9. d6 Bf8 10. a3 Nc6 11. e4 h6 12. Be3 Nh7 13. Nb5 Qb8 14. Nc7+ Kd8 15.
Nxa8 Bxa8 16. e5 f6 17. Bf4 g5 18. Bg3 Bg7 19. Qd3 Nf8 20. Qe3 f5 21. Nxg5 Kc8
22. Nh3 Nd4 23. O-O Nc2 24. Qd3 Nxa1 25. Rxa1 Be4 26. Qd2 Ng6 27. f4 Qb7 28.
Bh5 Nf8 29. Rf1 Rg8 30. Bf3 Bxf3 31. Rxf3 h5 32. Qe2 Bh6 33. Rf2 Rg4 34. Qe3 h4
1/2-1/2

[Event "17. Bayer Open"]
[Site "Leverkusen"]
[Date "2019.01.28"]
[Round "3.48"]
[White "Janssen, Wolfgang"]
[Black "Roder, Stephan"]
[Result "1-0"]
[WhiteElo "1573"]
[BlackElo "1437"]
[PlyCount "63"]
[EventDate "2019.??.??"]
[WhiteTeam "SV Dormagen"]
[BlackTeam "Bergische SF"]

1. e4 e6 2. d3 Bc5 3. Nf3 Ne7 4. g3 O-O 5. a4 Ng6 6. h4 Re8 7. Bg2 c6 8. O-O
Qc7 9. d4 Bf8 10. h5 Ne7 11. c4 Kh8 12. Nc3 Ng8 13. Bf4 Bd6 14. e5 Be7 15. c5
Qd8 16. Ne4 h6 17. b4 Na6 18. b5 Nc7 19. Nd6 Bxd6 20. cxd6 Nd5 21. Bd2 cxb5 22.
axb5 b6 23. g4 Bb7 24. Nh2 Qb8 25. Qf3 Rf8 26. g5 Qe8 27. Ng4 hxg5 28. Bxg5 Qb8
29. h6 Ne3 30. hxg7+ Kxg7 31. Qxe3 Bxg2 32. Bf6+ 1-0

[Event "17. Bayer Open"]
[Site "Leverkusen"]
[Date "2019.01.28"]
[Round "3.49"]
[White "Milz, Ulrich"]
[Black "Syldath, Andreas"]
[Result "1-0"]
[WhiteElo "1379"]
[BlackElo "1207"]
[PlyCount "73"]
[EventDate "2019.??.??"]
[WhiteTeam "SC Bayer Leverkusen"]
[BlackTeam "SF Düsseldorf-Süd"]

1. e4 c5 2. Bc4 d6 3. h3 Nf6 4. d3 e5 5. Nf3 Be7 6. O-O O-O 7. Nc3 Nbd7 8. a3
a6 9. b4 b5 10. Bb3 Bb7 11. Bb2 Nb6 12. Qe2 Rc8 13. bxc5 Rxc5 14. a4 Qc8 15.
axb5 Rxc3 16. bxa6 Ba8 17. Bxc3 Qxc3 18. Qe3 Qc5 19. Qxc5 dxc5 20. Nxe5 Bd6 21.
Nc4 Nxc4 22. Bxc4 Be5 23. Ra5 Nd7 24. Rb1 Rb8 25. Rab5 Kf8 26. Rxb8+ Nxb8 27.
a7 Nc6 28. Bd5 Ke7 29. g3 f6 30. Kg2 Kd6 31. f4 Bd4 32. Rb8 c4 33. Rxa8 cxd3
34. cxd3 Nxa7 35. Bg8 h6 36. Rd8+ Kc5 37. Rd5+ 1-0

[Event "17. Bayer Open"]
[Site "Leverkusen"]
[Date "2019.01.28"]
[Round "3.50"]
[White "Knobeloch, Olaf"]
[Black "Shelukie, Magd"]
[Result "1/2-1/2"]
[WhiteElo "1546"]
[BlackElo "1511"]
[PlyCount "135"]
[EventDate "2019.??.??"]
[WhiteTeam "Pulheimer SC"]

1. d4 f5 2. Nf3 Nf6 3. e3 e6 4. Bd3 c5 5. c3 Qc7 6. Nbd2 a6 7. a4 d5 8. b3 Nc6
9. Ba3 b6 10. Ng5 e5 11. dxe5 Qxe5 12. Bb2 Qc7 13. O-O Bd6 14. f4 h6 15. Ngf3
Be6 16. Nh4 Ne7 17. Qc2 Qd7 18. c4 O-O-O 19. cxd5 Nfxd5 20. Bxa6+ Kb8 21. Qd3
Nb4 22. Qe2 Bxf4 23. exf4 Qxd2 24. Be5+ Ka7 25. Qb5 Nxa6 26. a5 Qb4 27. axb6+
Kb7 28. Qxa6+ Kc6 29. b7+ Qb6 30. b8=N+ Rxb8 31. Qa4+ Qb5 32. Qa6+ Rb6 33. Qa2
Bxb3 34. Qd2 Bd5 35. Ra5 Qb4 36. Rxc5+ Kd7 37. Rc7+ Ke6 38. Bc3 Qd6 39. Rxe7+
Qxe7 40. Re1+ Be4 41. Qa2+ Kd7 42. Qa7+ Rb7 43. Rd1+ Kc8 44. Qa8+ Rb8 45. Qa6+
Qb7 46. Qe6+ Kc7 47. Ba5+ Qb6+ 48. Bxb6+ Rxb6 49. Qd7+ Kb8 50. Ra1 Rb7 51. Qd6+
Rc7 52. Rc1 Rhc8 53. Rxc7 Rxc7 54. Ng6 Kb7 55. Qb4+ Kc8 56. Ne5 Rc1+ 57. Kf2
Rc2+ 58. Ke3 Kc7 59. Qa5+ Kd6 60. Qd8+ Ke6 61. Qb6+ Kd5 62. Nd3 Rxg2 63. Nb4+
Kc4 64. Qd4+ Kb3 65. Na6 Rxh2 66. Qb4+ Kc2 67. Nc5 Rh3+ 68. Kd4 1/2-1/2

[Event "17. Bayer Open"]
[Site "Leverkusen"]
[Date "2019.01.28"]
[Round "3.51"]
[White "Balduan, Karl-Heinz"]
[Black "Kratz, Claudia"]
[Result "1-0"]
[WhiteElo "1500"]
[BlackElo "951"]
[PlyCount "99"]
[EventDate "2019.??.??"]
[WhiteTeam "Königsspringer Leverkusen"]
[BlackTeam "Brühler SK"]

1. e4 e5 2. Nf3 Nc6 3. d3 Bc5 4. Be2 Nf6 5. O-O O-O 6. c3 d5 7. b4 Bd6 8. Bg5
h6 9. exd5 Nb8 10. Bh4 Be7 11. Bxf6 Bxf6 12. Qb3 Bg4 13. Nbd2 Nd7 14. Rfe1 Nb6
15. Ne4 Bxf3 16. Nxf6+ Qxf6 17. Bxf3 Rae8 18. Be4 g6 19. Re3 Qg7 20. a4 Nd7 21.
Rae1 Re7 22. Rg3 f5 23. d6+ Ref7 24. Bxf5 Qf6 25. Rxg6+ Kh8 26. Rxf6 Rxf6 27.
Bxd7 Rxd6 28. Bb5 a6 29. Bc4 Rdf6 30. f3 c6 31. Rxe5 b5 32. axb5 axb5 33. Be6
Rd8 34. d4 Rdf8 35. Bg4 Rg8 36. Re6 Rff8 37. Rxh6+ Kg7 38. Rxc6 Re8 39. Re6 Ra8
40. Qd5 Ra1+ 41. Kf2 Ra7 42. Qe5+ Kf8 43. Re8+ Kf7 44. Bh5+ Rg6 45. Bxg6+ Kxg6
46. Re6+ Kf7 47. Rf6+ Kg8 48. Qe6+ Kg7 49. Rg6+ Kf8 50. Rg8# 1-0

[Event "17. Bayer Open"]
[Site "Leverkusen"]
[Date "2019.01.28"]
[Round "3.52"]
[White "Ramien, Hannah"]
[Black "Garcia Unterbusch, Juan"]
[Result "0-1"]
[WhiteElo "1418"]
[BlackElo "1456"]
[PlyCount "166"]
[EventDate "2019.??.??"]
[WhiteTeam "SG Porz"]
[BlackTeam "Pulheimer SC"]

1. e4 c5 2. Nc3 d6 3. Bc4 e6 4. f4 Nc6 5. d3 Nf6 6. Nf3 Be7 7. O-O Bd7 8. Bd2
Na5 9. Bb5 Bxb5 10. Nxb5 Nc6 11. Qe1 a6 12. Nc3 O-O 13. Qg3 b5 14. f5 exf5 15.
Nd5 Kh8 16. Nxe7 Qxe7 17. exf5 h6 18. Rae1 Qd7 19. Nh4 Rae8 20. Bc3 Qd8 21. Qf3
Ne5 22. Bxe5 dxe5 23. Qc6 Qd4+ 24. Kh1 Qxh4 25. Qxc5 Qd4 26. Qxd4 exd4 27. Kg1
Nd5 28. h3 Nb4 29. a3 Nxc2 30. Rc1 Ne3 31. Rf2 Rc8 32. Rxc8 Rxc8 33. g4 Rc1+
34. Kh2 Rd1 35. Kg3 Rxd3 36. Kh2 Rd1 37. Kg3 Rc1 38. Kf3 Rc2 39. Rxc2 Nxc2 40.
Ke4 g6 41. fxg6 fxg6 42. Kd3 Ne1+ 43. Kxd4 Kg7 44. Kc5 Nd3+ 45. Kb6 Nxb2 46.
Kxa6 Nc4 47. Kxb5 Nxa3+ 48. Kc5 Kf6 49. Kd4 g5 50. Ke4 Nb5 51. Kf3 Nd6 52. Kg3
Ne4+ 53. Kf3 Ke5 54. Ke3 Nc3 55. Kf3 Kd4 56. Kg3 Ke3 57. h4 Ne2+ 58. Kh3 Kf3
59. hxg5 hxg5 60. Kh2 Kxg4 61. Kg2 Nf4+ 62. Kf2 Kh3 63. Kg1 g4 64. Kh1 g3 65.
Kg1 g2 66. Kf2 Kh2 67. Kf3 Nh3 68. Ke4 g1=Q 69. Kd5 Qg4 70. Kc6 Qf5 71. Kd6 Kg3
72. Kc6 Qe5 73. Kd7 Qf6 74. Kc7 Qe6 75. Kb7 Qd6 76. Ka7 Kf4 77. Kb7 Ke5 78. Ka7
Kd5 79. Kb7 Ng5 80. Ka7 Ne6 81. Kb7 Nc5+ 82. Ka7 Qc7+ 83. Ka8 Qb7# 0-1

[Event "17. Bayer Open"]
[Site "Leverkusen"]
[Date "2019.01.28"]
[Round "3.53"]
[White "Klees, Robert"]
[Black "Pamula, Richard"]
[Result "1/2-1/2"]
[WhiteElo "1318"]
[BlackElo "1128"]
[PlyCount "60"]
[EventDate "2019.??.??"]
[WhiteTeam "SF Düsseldorf-Süd"]
[BlackTeam "Königsspringer Leverkusen"]

1. d4 Nf6 2. c4 e6 3. Nc3 c5 4. d5 exd5 5. cxd5 Bd6 6. e4 O-O 7. Nf3 Re8 8. Qc2
Ng4 9. Be2 Ne5 10. Nb5 Qa5+ 11. Bd2 Qb6 12. Nxd6 Qxd6 13. O-O b6 14. Nxe5 Qxe5
15. Bd3 d6 16. f4 Qe7 17. Rf3 Ba6 18. Re1 Bxd3 19. Qxd3 Nd7 20. Rh3 Nf6 21. Bc3
Nxe4 22. Qc2 f5 23. Qe2 g6 24. g4 Qf7 25. Qd1 Re7 26. g5 Rae8 27. Bf6 Nxf6 28.
Rxe7 Rxe7 29. gxf6 Qxf6 30. Qd2 Qf8 1/2-1/2

[Event "17. Bayer Open"]
[Site "Leverkusen"]
[Date "2019.02.11"]
[Round "4.1"]
[White "Ramien, David"]
[Black "Balduan, Markus"]
[Result "1/2-1/2"]
[WhiteElo "2119"]
[BlackElo "2312"]
[PlyCount "105"]
[EventDate "2019.??.??"]
[WhiteTeam "SG Porz"]
[BlackTeam "TV Witzhelden"]

1. e4 c5 2. Nf3 g6 3. c3 Bg7 4. d4 cxd4 5. cxd4 d5 6. e5 Bg4 7. Bb5+ Nc6 8.
Bxc6+ bxc6 9. O-O Nh6 10. Nbd2 O-O 11. h3 Bxf3 12. Nxf3 Qb6 13. Bf4 f6 14. exf6
exf6 15. Qd2 Nf7 16. Rfe1 Rfe8 17. Rxe8+ Rxe8 18. Re1 Re4 19. Re3 Rxe3 20. Qxe3
Qxb2 21. Qe8+ Bf8 22. Qxc6 Qxa2 23. Qxf6 Qb1+ 24. Kh2 Qb6 25. Qxb6 axb6 26. Nd2
Bg7 27. Nb3 Kf8 28. Bc7 b5 29. Kg3 Ke7 30. Kf3 Kd7 31. Bb8 Kc6 32. Ke3 b4 33.
Kd3 Bf8 34. Ba7 Kb5 35. Bc5 Bh6 36. Be7 Bf4 37. Nc5 Bc7 38. Ne6 Ba5 39. Nf4 Kc6
40. Kc2 Bb6 41. Ne2 Kb5 42. Kb3 Ba5 43. Nf4 Bb6 44. Nxd5 Bxd4 45. f4 Bc5 46.
Nc7+ Kc6 47. Bxc5 Kxc5 48. Ne6+ Kd5 49. Nf8 Ke4 50. Nxh7 Kxf4 51. Nf8 g5 52.
Ne6+ Kg3 53. Nxg5 1/2-1/2

[Event "17. Bayer Open"]
[Site "Leverkusen"]
[Date "2019.02.11"]
[Round "4.3"]
[White "Pyrowicz, Jacek"]
[Black "Peschel, Andreas"]
[Result "0-1"]
[WhiteElo "1788"]
[BlackElo "2110"]
[PlyCount "118"]
[EventDate "2019.??.??"]
[WhiteTeam "SV Springer Hitdorf"]
[BlackTeam "SG Solingen"]

1. d4 g6 2. c4 Bg7 3. Nc3 c5 4. Nf3 cxd4 5. Nxd4 Nf6 6. g3 O-O 7. Bg2 d6 8. O-O
Nc6 9. Nxc6 bxc6 10. Bxc6 Rb8 11. Qa4 a5 12. a3 Nd7 13. Ne4 Nb6 14. Qxa5 Nxc4
15. Qxd8 Rxd8 16. Bg5 Bh3 17. Bxe7 Rdc8 18. Bd5 Bxf1 19. Rxf1 Bxb2 20. Nxd6
Nxd6 21. Bxd6 Rb6 22. Bb4 Rc2 23. e3 Ra6 24. Be4 Rc1 25. Bd3 Rb6 26. Rxc1 Bxc1
27. Kf1 Bxa3 28. Bxa3 Rb3 29. Be4 Rxa3 30. h4 Kg7 31. Kg2 Kf6 32. Bf3 Ke5 33.
g4 h6 34. Kg3 f6 35. Bc6 g5 36. hxg5 hxg5 37. Kg2 Kd6 38. Be4 Kc5 39. Bf5 Kc4
40. Kf1 Kc3 41. Ke2 Ra1 42. f4 Rh1 43. fxg5 fxg5 44. e4 Kd4 45. Kf3 Rb1 46. Kg2
Rb3 47. Kf2 Ke5 48. Ke2 Rg3 49. Kf2 Kf4 50. e5 Rf3+ 51. Kg2 Re3 52. e6 Re2+ 53.
Kf1 Kf3 54. Kg1 Re1+ 55. Kh2 Kf2 56. Bg6 Rxe6 57. Bh5 Rh6 58. Kh1 Rxh5+ 59.
gxh5 g4 0-1

[Event "17. Bayer Open"]
[Site "Leverkusen"]
[Date "2019.02.11"]
[Round "4.4"]
[White "Marcziter, Dmitrii"]
[Black "Borchert, Stephan"]
[Result "0-1"]
[WhiteElo "2233"]
[BlackElo "2046"]
[PlyCount "80"]
[EventDate "2019.??.??"]
[WhiteTeam "DJK Aufwärts Aachen"]
[BlackTeam "SG Solingen"]

1. d4 Nf6 2. c4 g6 3. Nf3 Bg7 4. g3 O-O 5. Bg2 d6 6. O-O Nc6 7. Nc3 a6 8. d5
Na5 9. b3 Rb8 10. Nd4 c5 11. dxc6 bxc6 12. Nxc6 Nxc6 13. Bxc6 Bh3 14. Bg2 Bxg2
15. Kxg2 Ne4 16. Nxe4 Bxa1 17. Bh6 Bg7 18. Bxg7 Kxg7 19. Qd4+ Kg8 20. Qd2 Qc8
21. Rd1 Qb7 22. f3 Rbd8 23. Qh6 f6 24. Rd5 Qc7 25. Qd2 Kg7 26. h4 h6 27. h5 f5
28. Qb2+ e5 29. Nf2 Rf6 30. Qd2 gxh5 31. c5 Rg6 32. Qd3 h4 33. g4 fxg4 34. fxg4
h5 35. Qe4 h3+ 36. Kxh3 Qf7 37. Kg3 Rf8 38. Qf3 Qe6 39. Qg2 Rf4 40. Kh3 Rxf2
0-1

[Event "17. Bayer Open"]
[Site "Leverkusen"]
[Date "2019.02.11"]
[Round "4.5"]
[White "Ljuboschiz, Alexander"]
[Black "Mohaupt, Sascha"]
[Result "0-1"]
[WhiteElo "1983"]
[BlackElo "2161"]
[PlyCount "104"]
[EventDate "2019.??.??"]
[WhiteTeam "SC Tornado Hochneukirch"]
[BlackTeam "SV Wermelskirchen"]

1. e4 c5 2. Nf3 e6 3. d4 cxd4 4. Nxd4 Nf6 5. Nc3 d6 6. Be2 a6 7. O-O Be7 8. f4
Qc7 9. a4 Nc6 10. Kh1 O-O 11. Be3 Nxd4 12. Bxd4 e5 13. Be3 exf4 14. Bxf4 Be6
15. Qe1 Nd7 16. Qg3 Ne5 17. Rad1 Rac8 18. Rd2 Qb6 19. Bh6 Ng6 20. Be3 Qxb2 21.
Bd4 Bh4 22. Qe3 Qa3 23. g3 Bd8 24. Nd5 Qxa4 25. Rb1 Bxd5 26. exd5 Re8 27. Qf2
Qd7 28. Bd3 Ba5 29. Bf5 Qe7 30. Bxc8 Bxd2 31. Bxb7 Rb8 32. Qxd2 Rxb7 33. Re1
Qd7 34. Qe2 a5 35. Qa6 h6 36. Qxa5 Kh7 37. c4 Qg4 38. Qd2 Qf3+ 39. Qg2 Qd3 40.
Qe4 Qxc4 41. Bf2 Qxe4+ 42. Rxe4 Rb5 43. Re8 Rxd5 44. Kg2 Ne5 45. h3 h5 46. Bb6
Rd2+ 47. Kf1 Kg6 48. Bc7 Nc4 49. Rd8 Kf5 50. Rd7 Ke6 51. Rd8 g6 52. Ke1 Rg2 0-1

[Event "17. Bayer Open"]
[Site "Leverkusen"]
[Date "2019.02.11"]
[Round "4.6"]
[White "Gramb, Marius"]
[Black "Kies, Werner"]
[Result "1-0"]
[WhiteElo "2145"]
[BlackElo "1870"]
[PlyCount "57"]
[EventDate "2019.??.??"]
[WhiteTeam "Brühler SK"]
[BlackTeam "SC Bayer Leverkusen"]

1. d4 Nf6 2. c4 e6 3. g3 d5 4. Nf3 b6 5. cxd5 Bb4+ 6. Bd2 Bxd2+ 7. Qxd2 Nxd5 8.
Bg2 Bb7 9. O-O O-O 10. Nc3 Nxc3 11. Qxc3 Nd7 12. Rfd1 Rc8 13. b4 Qe7 14. Rac1
Nf6 15. a3 Ne4 16. Qd3 Qf6 17. Qe3 Nd6 18. Ne5 Bxg2 19. Kxg2 Nf5 20. Qc3 Qd8
21. Nc6 Qd5+ 22. f3 Qb5 23. Rd2 Ra8 24. e4 Nd6 25. Ne7+ Kh8 26. Qxc7 Rad8 27.
Nc6 Nc4 28. Nxa7 Ne3+ 29. Kf2 1-0

[Event "17. Bayer Open"]
[Site "Leverkusen"]
[Date "2019.02.11"]
[Round "4.7"]
[White "Claßen, Harald"]
[Black "Peters, Alex"]
[Result "1/2-1/2"]
[WhiteElo "2013"]
[BlackElo "2140"]
[PlyCount "63"]
[EventDate "2019.??.??"]
[WhiteTeam "SC Bayer Leverkusen"]
[BlackTeam "Brühler SK"]

1. c4 e5 2. Nc3 g6 3. e3 Bg7 4. d4 d6 5. Nf3 Nc6 6. d5 Nce7 7. e4 Bg4 8. Be2
Bxf3 9. Bxf3 f5 10. h4 Nf6 11. h5 f4 12. hxg6 hxg6 13. Rxh8+ Bxh8 14. Qb3 b6
15. Bd2 Qd7 16. O-O-O Kf7 17. Rh1 Bg7 18. Qb5 a6 19. Qxd7 Nxd7 20. Kc2 Nf6 21.
b4 g5 22. Kb3 Ng6 23. Be2 Bf8 24. a3 Be7 25. Be1 Kg7 26. Bd2 Nh8 27. g4 Ng6 28.
f3 Nh4 29. Be1 Nd7 30. Bf2 Rh8 31. Nd1 Rb8 32. Nc3 1/2-1/2

[Event "17. Bayer Open"]
[Site "Leverkusen"]
[Date "2019.02.11"]
[Round "4.8"]
[White "Lindam, Ingo"]
[Black "Vranidis, Athanassios"]
[Result "1-0"]
[WhiteElo "2123"]
[BlackElo "1907"]
[PlyCount "117"]
[EventDate "2019.??.??"]
[WhiteTeam "Kölner SK Dr. Lasker"]
[BlackTeam "SG Solingen"]

1. d4 d5 2. Nf3 Nf6 3. c4 e6 4. g3 Bb4+ 5. Bd2 Be7 6. Bg2 O-O 7. O-O Nbd7 8.
Qc2 c6 9. Bf4 b6 10. Rd1 Bb7 11. Nc3 dxc4 12. Nd2 Nd5 13. Nxc4 Nxf4 14. gxf4
Qc7 15. Ne5 Rad8 16. Nb5 Qb8 17. Nxc6 Bxc6 18. Qxc6 Qxf4 19. e3 Qb8 20. Rac1 a6
21. Nc7 Nf6 22. Nxa6 Qa7 23. Qb7 Rd7 24. Rc7 Rxc7 25. Qxc7 Qxa6 26. Qxe7 Qxa2
27. Qb4 Qa6 28. Rc1 h6 29. Qc4 Qa5 30. Qc6 Qb4 31. Qc3 Qa5 32. Qxa5 bxa5 33.
Rc7 Rb8 34. Bb7 Ne8 35. Rd7 Nf6 36. Rc7 Ne8 37. Rd7 Nf6 38. Rc7 Ne8 39. Rc8
Rxb7 40. Rxe8+ Kh7 41. Ra8 Rxb2 42. Rxa5 g6 43. Kg2 Kg7 44. Kf3 Rb1 45. Ra7 Rh1
46. Kg2 Rb1 47. Kf3 Rh1 48. e4 Rxh2 49. d5 exd5 50. exd5 Rh4 51. Ke3 Kf8 52. d6
Ke8 53. Re7+ Kf8 54. Rb7 Ke8 55. Re7+ Kf8 56. f4 Rh5 57. Kd4 Rf5 58. Re4 g5 59.
d7 1-0

[Event "17. Bayer Open"]
[Site "Leverkusen"]
[Date "2019.02.11"]
[Round "4.9"]
[White "Hoffmann, Frank"]
[Black "Bruchmann, Norbert"]
[Result "0-1"]
[WhiteElo "1770"]
[BlackElo "2104"]
[PlyCount "86"]
[EventDate "2019.??.??"]
[WhiteTeam "SV Springer Hitdorf"]
[BlackTeam "SG Ennepe-Ruhr-Süd"]

1. e4 e6 2. d4 d5 3. exd5 exd5 4. Bd3 Nc6 5. c3 Bd6 6. Nf3 Nge7 7. Qc2 Bg4 8.
Nbd2 Qd7 9. h3 Bh5 10. b4 Qe6+ 11. Kf1 Bg6 12. Bb2 O-O 13. Re1 Qd7 14. g3 a6
15. Kg2 Rae8 16. Nh4 Bxd3 17. Qxd3 g6 18. a3 Nd8 19. c4 c6 20. c5 Bc7 21. Re3
Ne6 22. Nhf3 Nf5 23. Ree1 f6 24. Nf1 Neg7 25. Ne3 Nxe3+ 26. Rxe3 Rxe3 27. Qxe3
Re8 28. Qd2 Re4 29. Re1 Nf5 30. Bc3 Kg7 31. g4 Ne7 32. Qd3 Qe6 33. Kf1 Kf7 34.
Ng1 Bh2 35. Nf3 Bf4 36. Ng1 Rxe1+ 37. Bxe1 Qe4 38. Qxe4 dxe4 39. Ne2 Nd5 40.
Nc3 Nxc3 41. Bxc3 Ke6 42. Ke2 Kd5 43. f3 f5 0-1

[Event "17. Bayer Open"]
[Site "Leverkusen"]
[Date "2019.02.11"]
[Round "4.10"]
[White "Schimpf, Rolf"]
[Black "Heller, Achim"]
[Result "1/2-1/2"]
[WhiteElo "1660"]
[BlackElo "2044"]
[PlyCount "93"]
[EventDate "2019.??.??"]
[WhiteTeam "SC Bayer Leverkusen"]
[BlackTeam "SG Ennepe-Ruhr-Süd"]

1. c4 c6 2. Nc3 d5 3. cxd5 cxd5 4. d4 Nf6 5. Bf4 Nc6 6. Nf3 a6 7. e3 Bg4 8. h3
Bxf3 9. Qxf3 e6 10. a3 Rc8 11. Bd3 Be7 12. O-O b5 13. Na2 Na5 14. Rac1 Nc4 15.
Qe2 O-O 16. Nc3 Qb6 17. Bg5 Rc7 18. Bxf6 Bxf6 19. Bxc4 bxc4 20. Rc2 Rb8 21. f4
g6 22. g4 Qd6 23. g5 Bg7 24. Qg4 Rcb7 25. Rff2 Rb3 26. Rce2 Qc6 27. h4 Bf8 28.
Nd1 Qb6 29. h5 Rd3 30. Rd2 Qb3 31. Rxd3 Qxd3 32. hxg6 hxg6 33. Qe2 Rb3 34. Kf1
Qxe2+ 35. Rxe2 c3 36. bxc3 Rxa3 37. Rb2 a5 38. Ke2 Ra4 39. Kd2 Rc4 40. Ra2 f6
41. gxf6 Kf7 42. Rxa5 Rc8 43. Nf2 Kxf6 44. Kd3 Rd8 45. Ng4+ Kf5 46. Ne5 Bg7 47.
Nc6 1/2-1/2

[Event "17. Bayer Open"]
[Site "Leverkusen"]
[Date "2019.02.11"]
[Round "4.11"]
[White "Hennig, Edgar Paul"]
[Black "Wille, Thomas"]
[Result "1-0"]
[WhiteElo "1858"]
[BlackElo "2029"]
[PlyCount "45"]
[EventDate "2019.??.??"]
[WhiteTeam "Satranç Club"]
[BlackTeam "Velberter SG"]

1. e4 c6 2. d4 d5 3. exd5 cxd5 4. Bd3 Nf6 5. c3 g6 6. Bf4 Nc6 7. h3 Bg7 8. Nf3
O-O 9. O-O Bf5 10. Re1 Bxd3 11. Qxd3 e6 12. Nbd2 Re8 13. Ne5 Nh5 14. Bh2 Nxe5
15. dxe5 Bf8 16. Nf3 Qb6 17. Qd2 Rec8 18. g4 Ng7 19. Bf4 Qd8 20. Bg5 Be7 21.
Bxe7 Qxe7 22. Qh6 f6 23. exf6 1-0